[Event "Barcelona Canovelles op 17th"]
[Site "Barcelona"]
[Date "2023.05.07"]
[Round "7"]
[White "Valenzuela Gomez, Fernando Alberto"]
[Black "Cruz Estrada, Filemon"]
[Result "0-1"]
[WhiteElo "2403"]
[BlackElo "2294"]
[PlyCount "86"]
[EventDate "2023.05.07"]
[EventType "swiss (rapid)"]
[EventRounds "9"]
[EventCountry "ESP"]
[SourceTitle "CBM 214 Extra"]
[Source "ChessBase"]
[SourceDate "2023.07.31"]
[SourceVersion "1"]
[SourceVersionDate "2023.07.31"]
[SourceQuality "1"]

1. e4 e6 2. d4 d5 3. Nd2 Nc6 4. Ngf3 Nf6 5. e5 Nd7 6. Nb3 f6 7. Bb5 fxe5 8. dxe5 Be7 9. Bf4 0-0 10. Bg3 Nc5 11. Nxc5 Bxc5 12. Bd3 Nb4 13. Be2 Bd7 14. h4 Be7 15. a3 Na6 16. c4 c6 17. b4 Nc7 18. Qc2 h6 19. Bd3 a5 20. Rb1 axb4 21. axb4 Na6 22. c5 b6 23. Qe2 Qc8 24. 0-0 bxc5 25. bxc5 Nxc5 26. Bc2 Qa6 27. Qd1 Qc4 28. Rc1 Qg4 29. Bb1 Ne4 30. Qc2 Bc5 31. Kh2 Ra3 32. Qb2 Be7 33. Qb7 Rd8 34. Rc2 Raa8 35. Qb3 c5 36. Qe3 d4 37. Qd3 Bc6 38. Re2 Ra1 39. Kg1 Nc3 40. Qh7+ Kf7 41. Rb2 Nxb1 42. Rfxb1 Rxb1+ 43. Rxb1 Be4 0-1

[Event "Barcelona Sants op-A 23rd"]
[Site "Barcelona"]
[Date "2022.08.24"]
[Round "6"]
[White "Cruz Estrada, Filemon"]
[Black "Peralta, Fernando"]
[Result "0-1"]
[WhiteElo "2316"]
[BlackElo "2595"]
[PlyCount "105"]
[EventDate "2022.08.19"]
[EventType "swiss"]
[EventRounds "10"]
[EventCountry "ESP"]
[SourceTitle "CBM 209 Extra"]
[Source "ChessBase"]
[SourceDate "2022.09.30"]
[SourceVersion "1"]
[SourceVersionDate "2022.09.30"]
[SourceQuality "1"]

1. c4 e6 2. Nf3 Nf6 3. b3 b6 4. g3 Bb7 5. Bg2 Be7 6. Bb2 0-0 7. 0-0 d5 8. e3 dxc4 9. bxc4 c5 10. Qe2 Nc6 11. Rd1 Qc7 12. Nc3 a6 13. d3 Rfd8 14. Rab1 Rab8 15. Ba1 Na7 16. Rb3 b5 17. cxb5 axb5 18. Rc1 Qa5 19. Ne5 Bxg2 20. Kxg2 Qa6 21. Nb1 Ne8 22. e4 f6 23. Nf3 Nc6 24. h4 b4 25. Ne1 Nc7 26. h5 h6 27. f4 Ra8 28. Rc2 Nb5 29. Nf3 Rd7 30. g4 Na5 31. Rbb2 Rad8 32. g5 hxg5 33. fxg5 Rxd3 34. h6 gxh6 35. Ne1 hxg5 36. Nxd3 Nd4 37. Qh5 Qxd3 38. Qg6+ Kf8 39. Rf2 f5 40. Rbe2 f4 41. Bxd4 Qxd4 42. Qxe6 Nc4 43. Rd2 Nxd2 44. Nxd2 Qf6 45. Qg4 Kg7 46. Nf3 Qg6 47. Re2 Rd1 48. Rd2 Rxd2+ 49. Nxd2 Qf7 50. Qd7 Bf6 51. Qa4 g4 52. Qc2 f3+ 53. Kg1 0-1

[Event "Barcelona Sants op-A 23rd"]
[Site "Barcelona"]
[Date "2022.08.21"]
[Round "3"]
[White "Aronyak, Ghosh"]
[Black "Cruz Estrada, Filemon"]
[Result "1-0"]
[WhiteElo "2512"]
[BlackElo "2316"]
[PlyCount "47"]
[EventDate "2022.08.19"]
[EventType "swiss"]
[EventRounds "10"]
[EventCountry "ESP"]
[SourceTitle "CBM 209 Extra"]
[Source "ChessBase"]
[SourceDate "2022.09.30"]
[SourceVersion "1"]
[SourceVersionDate "2022.09.30"]
[SourceQuality "1"]

1. c4 e6 2. Nc3 d5 3. d4 c6 4. e3 f5 5. Qh5+ g6 6. Qd1 Nf6 7. Be2 Bg7 8. h4 Ne4 9. h5 Nd7 10. Nh3 Qf6 11. Nxe4 dxe4 12. Bd2 g5 13. Bb4 h6 14. Qb3 c5 15. Bc3 cxd4 16. exd4 e5 17. dxe5 Qe6 18. 0-0-0 Bxe5 19. f4 Bf6 20. g4 fxg4 21. Bxf6 Nxf6 22. fxg5 hxg5 23. Nxg5 Qe5 24. Rd8+ 1-0

[Event "Badalona op 46th"]
[Site "Badalona"]
[Date "2022.08.04"]
[Round "3"]
[White "Fernandez Rivero, Karla July"]
[Black "Cruz Estrada, Filemon"]
[Result "0-1"]
[WhiteElo "2026"]
[BlackElo "2316"]
[PlyCount "76"]
[EventDate "2022.08.02"]
[EventType "swiss"]
[EventRounds "9"]
[EventCountry "ESP"]
[SourceTitle "CBM 209 Extra"]
[Source "ChessBase"]
[SourceDate "2022.09.30"]
[SourceVersion "1"]
[SourceVersionDate "2022.09.30"]
[SourceQuality "1"]

1. d4 e6 2. c4 Nf6 3. Nf3 a6 4. a4 a5 5. g3 b6 6. Bg2 Ba6 7. Ne5 d5 8. 0-0 Be7 9. Nd2 Bb7 10. Qc2 Nc6 11. Rd1 0-0 12. e4 Nb4 13. Qb1 Qc8 14. b3 Rd8 15. exd5 exd5 16. Ndf3 dxc4 17. bxc4 Be4 18. Qb2 h6 19. Be3 Bd6 20. Rac1 Ng4 21. Bh3 Nxe5 22. Bxc8 Nxf3+ 23. Kf1 Nxh2+ 24. Kg1 Nf3+ 25. Kf1 Rdxc8 26. Qb3 Re8 27. c5 Bd5 28. Qa3 Bf8 29. Bf4 Rac8 30. Rc3 g5 31. Bc1 g4 32. Be3 bxc5 33. Rxc5 Bxc5 34. dxc5 Re5 35. Qc3 Rce8 36. Bxh6 Re1+ 37. Kg2 Nd4+ 38. Kh2 Rxd1 0-1

[Event "Castelldefels Llobregat op 2nd"]
[Site "Castelldefels"]
[Date "2021.12.02"]
[Round "3"]
[White "Lopez Martinez, Josep Manuel"]
[Black "Cruz Estrada, Filemon"]
[Result "1-0"]
[WhiteElo "2520"]
[BlackElo "2310"]
[PlyCount "91"]
[EventDate "2021.11.30"]
[EventType "swiss"]
[EventRounds "9"]
[EventCountry "ESP"]
[SourceTitle "CBM 205 Extra"]
[Source "ChessBase"]
[SourceDate "2022.01.31"]
[SourceVersion "1"]
[SourceVersionDate "2022.01.31"]
[SourceQuality "1"]

1. e4 c5 2. Nf3 e6 3. d4 cxd4 4. Nxd4 a6 5. Bd3 Qc7 6. Qe2 d6 7. b3 Nf6 8. Bb2 Nbd7 9. c4 g6 10. 0-0 Bg7 11. Nc3 0-0 12. Rac1 Nh5 13. Qe3 Qc5 14. Na4 Qa7 15. Be2 e5 16. Nc2 Nf4 17. Rfe1 Nc5 18. Rcd1 Bh6 19. Qf3 Nxe4 20. Qxe4 Bf5 21. Qf3 Bxc2 22. Rxd6 Bg7 23. Bf1 b5 24. cxb5 axb5 25. Bxb5 Qa5 26. Nc3 e4 27. Qxf4 Bxc3 28. Bxc3 Qxc3 29. Rc1 Rxa2 30. Bc4 Ra1 31. Rdd1 Rxc1 32. Rxc1 Qd4 33. h4 Bd3 34. Bxd3 Qxd3 35. b4 h5 36. Kh2 Qd5 37. Rc7 Kg7 38. Re7 Rc8 39. Rxe4 Rc2 40. Rd4 Qe6 41. b5 Rc5 42. Rb4 Rf5 43. Qd4+ Kh7 44. b6 Rd5 45. Qf4 Rf5 46. Qg3 1-0

[Event "Castelldefels Llobregat op 2nd"]
[Site "Castelldefels"]
[Date "2021.11.30"]
[Round "1"]
[White "Sethuraman, Sandeep"]
[Black "Cruz Estrada, Filemon"]
[Result "1-0"]
[WhiteElo "2620"]
[BlackElo "2310"]
[PlyCount "83"]
[EventDate "2021.11.30"]
[EventType "swiss"]
[EventRounds "9"]
[EventCountry "ESP"]
[SourceTitle "CBM 205 Extra"]
[Source "ChessBase"]
[SourceDate "2022.01.31"]
[SourceVersion "1"]
[SourceVersionDate "2022.01.31"]
[SourceQuality "1"]

1. e4 c5 2. Nf3 d6 3. d4 cxd4 4. Nxd4 Nf6 5. Nc3 a6 6. Be3 e5 7. Nb3 Be6 8. Qd2 Be7 9. f3 h5 10. 0-0-0 Nbd7 11. Kb1 Rc8 12. a4 Nb6 13. a5 Nc4 14. Bxc4 Rxc4 15. Bg5 Qc7 16. Bxf6 gxf6 17. Rhe1 f5 18. Nd5 Bxd5 19. exd5 Qd7 20. Qd3 Ra4 21. c4 Kf8 22. Rc1 Rg8 23. Rc2 Rb4 24. Nc1 Bd8 25. Na2 Bxa5 26. Nxb4 Bxb4 27. Ree2 Rg6 28. f4 e4 29. Qh3 Rg4 30. Qxh5 Bc5 31. h3 Rg3 32. Qh8+ Rg8 33. Qc3 Qd8 34. g4 Qb6 35. Qf6 Bd4 36. Qxf5 e3 37. g5 Qb3 38. Re1 a5 39. Qe4 Qb6 40. h4 a4 41. Rd1 Bc5 42. f5 1-0

[Event "Mutxamel IM 3rd"]
[Site "Mutxamel"]
[Date "2021.09.09"]
[Round "8"]
[White "Granero Roca, Antonio"]
[Black "Cruz Estrada, Filemon"]
[Result "1/2-1/2"]
[WhiteElo "2363"]
[BlackElo "2327"]
[PlyCount "60"]
[EventDate "2021.09.06"]
[EventType "tourn"]
[EventRounds "10"]
[EventCountry "ESP"]
[EventCategory "2"]
[SourceTitle "CBM 204 Extra"]
[Source "ChessBase"]
[SourceDate "2021.11.30"]
[SourceVersion "1"]
[SourceVersionDate "2021.11.30"]
[SourceQuality "1"]

1. d4 Nf6 2. c4 e6 3. Nf3 b6 4. g3 Ba6 5. b3 Bb4+ 6. Bd2 Be7 7. Bg2 c6 8. 0-0 d5 9. Ne5 Nfd7 10. Nxd7 Nxd7 11. Bc3 Rc8 12. Nd2 Nf6 13. Re1 0-0 14. e4 dxe4 15. Nxe4 Nxe4 16. Bxe4 Bf6 17. Qf3 Qc7 18. a4 Rfd8 19. Red1 c5 20. dxc5 Bxc3 21. Qxc3 bxc5 22. h4 Bb7 23. Bxb7 Qxb7 24. Qa5 Qe7 25. Rac1 g6 26. Qc3 Rd6 27. Rxd6 Qxd6 28. Re1 Rd8 29. Re5 Qc6 30. Re1 h5 1/2-1/2

[Event "Jerez de la Frontera IM"]
[Site "Jerez de la Frontera"]
[Date "2021.07.30"]
[Round "8"]
[White "Cuenca Jimenez, Jose Fernando"]
[Black "Cruz Estrada, Filemon"]
[Result "1/2-1/2"]
[WhiteElo "2524"]
[BlackElo "2311"]
[PlyCount "104"]
[EventDate "2021.07.26"]
[EventType "tourn"]
[EventRounds "9"]
[EventCountry "ESP"]
[EventCategory "6"]
[SourceTitle "CBM 203 Extra"]
[Source "ChessBase"]
[SourceDate "2021.09.30"]
[SourceVersion "1"]
[SourceVersionDate "2021.09.30"]
[SourceQuality "1"]

1. c4 e5 2. Nc3 Nf6 3. Nf3 Nc6 4. e4 Bb4 5. d3 d6 6. a3 Bxc3+ 7. bxc3 h6 8. Be2 Ne7 9. c5 Ng6 10. cxd6 Qxd6 11. 0-0 0-0 12. Qc2 c5 13. Rd1 Re8 14. a4 Qc7 15. h3 b6 16. Bf1 Be6 17. Be3 Rac8 18. Nd2 Nd7 19. Qb2 Ne7 20. d4 exd4 21. cxd4 cxd4 22. Bxd4 f6 23. Ba6 Rcd8 24. Rac1 Nc5 25. Bb5 Rf8 26. Rc2 Ng6 27. Rdc1 Qf4 28. Be3 Qh4 29. Nf3 Qxe4 30. Bxc5 bxc5 31. Re2 Qf5 32. Rxe6 Qxe6 33. Bc4 Rd5 34. Qb7 Rfd8 35. Qxa7 Kh7 36. Bxd5 Rxd5 37. Qc7 Qe2 38. a5 Rf5 39. Qd7 Rf4 40. Qd2 Qb5 41. Ra1 Ra4 42. Rxa4 Qxa4 43. Qc3 c4 44. Nd2 Nf4 45. Kh2 Qd1 46. Qe3 Ne2 47. Qe4+ Kh8 48. Nf3 c3 49. Qe8+ Kh7 50. Qe4+ Kh8 51. Qa8+ Kh7 52. a6 f5 1/2-1/2

[Event "Jerez de la Frontera IM"]
[Site "Jerez de la Frontera"]
[Date "2021.07.27"]
[Round "4"]
[White "Cruz Estrada, Filemon"]
[Black "Bernabeu Lopez, Carlos Javier"]
[Result "1/2-1/2"]
[WhiteElo "2311"]
[BlackElo "2407"]
[PlyCount "46"]
[EventDate "2021.07.26"]
[EventType "tourn"]
[EventRounds "9"]
[EventCountry "ESP"]
[EventCategory "6"]
[SourceTitle "CBM 203 Extra"]
[Source "ChessBase"]
[SourceDate "2021.09.30"]
[SourceVersion "1"]
[SourceVersionDate "2021.09.30"]
[SourceQuality "1"]

1. c4 Nf6 2. Nf3 g6 3. g3 Bg7 4. Bg2 0-0 5. 0-0 d6 6. d4 Nc6 7. d5 Na5 8. Nfd2 c5 9. Nc3 a6 10. Qc2 e6 11. Rb1 exd5 12. cxd5 b5 13. b3 b4 14. Nd1 Bd7 15. Re1 Re8 16. Bb2 Rc8 17. Ne3 Rxe3 18. fxe3 Bh6 19. Bxf6 Bxe3+ 20. Kh1 Qxf6 21. Qd3 Bxd2 22. Qxd2 Re8 23. a3 Qc3 1/2-1/2

[Event "Jerez de la Frontera IM"]
[Site "Jerez de la Frontera"]
[Date "2021.07.27"]
[Round "3"]
[White "Garrido Outon, Alex"]
[Black "Cruz Estrada, Filemon"]
[Result "1-0"]
[WhiteElo "2332"]
[BlackElo "2311"]
[PlyCount "83"]
[EventDate "2021.07.26"]
[EventType "tourn"]
[EventRounds "9"]
[EventCountry "ESP"]
[EventCategory "6"]
[SourceTitle "CBM 203 Extra"]
[Source "ChessBase"]
[SourceDate "2021.09.30"]
[SourceVersion "1"]
[SourceVersionDate "2021.09.30"]
[SourceQuality "1"]

1. e4 e6 2. d4 d5 3. Nc3 Bb4 4. Nge2 dxe4 5. a3 Be7 6. Nxe4 Nf6 7. Nxf6+ Bxf6 8. Be3 b6 9. Qd2 Bb7 10. 0-0-0 Nd7 11. Rg1 c5 12. g4 0-0 13. g5 Be7 14. h4 Rc8 15. Kb1 cxd4 16. Nxd4 Ne5 17. f4 Nc4 18. Bxc4 Rxc4 19. Qe2 Qc8 20. f5 Bd5 21. f6 Bc5 22. fxg7 Re8 23. h5 Bxd4 24. Bxd4 e5 25. Bc3 Be4 26. Rd6 Bf5 27. Rf6 Rf4 28. Rf1 Bg4 29. Qh2 Rxf1+ 30. Rxf1 Qc4 31. Rg1 Be6 32. g6 h6 33. Kc1 Qa2 34. Bxe5 Rc8 35. Bc3 Rd8 36. b3 Qxa3+ 37. Bb2 Qc5 38. Kb1 a5 39. Rf1 a4 40. Qf4 Qxh5 41. gxf7+ Qxf7 42. Bf6 1-0

[Event "Jerez de la Frontera IM"]
[Site "Jerez de la Frontera"]
[Date "2021.07.26"]
[Round "1"]
[White "Domingo Nunez, Alejandro"]
[Black "Cruz Estrada, Filemon"]
[Result "0-1"]
[WhiteElo "2358"]
[BlackElo "2311"]
[PlyCount "76"]
[EventDate "2021.07.26"]
[EventType "tourn"]
[EventRounds "9"]
[EventCountry "ESP"]
[EventCategory "6"]
[SourceTitle "CBM 203 Extra"]
[Source "ChessBase"]
[SourceDate "2021.09.30"]
[SourceVersion "1"]
[SourceVersionDate "2021.09.30"]
[SourceQuality "1"]

1. e4 e6 2. d4 d5 3. Nd2 Be7 4. Ngf3 Nf6 5. e5 Nfd7 6. Bd3 c5 7. c3 Nc6 8. 0-0 a5 9. Re1 cxd4 10. cxd4 g5 11. h3 h5 12. Nf1 g4 13. hxg4 hxg4 14. N3h2 Nxd4 15. Qxg4 Bc5 16. Bg5 Qb6 17. Qf4 Qxb2 18. Ng4 Nc6 19. Nf6+ Nxf6 20. Bxf6 Bxf2+ 21. Qxf2 Rh1+ 22. Kxh1 Qxf2 23. Re3 Nb4 24. Bh7 Bd7 25. Rg3 Bb5 26. Rg8+ Kd7 27. Rxa8 Bxf1 28. Rg8 Nd3 29. Bxd3 Bxd3 30. Rd8+ Kc6 31. Rc8+ Kd7 32. Rd8+ Kc7 33. Rf8 b5 34. Rxf7+ Kc6 35. Rc1+ Bc4 36. Re7 Qf5 37. Ra7 Qf4 38. Rd1 Qh6+ 0-1